000 01600nam a2200253Ia 4500
003 Ost
005 20260507075109.0
008 260507s9999||||xx |||||||||||||| ||und||
020 _a9960052079
040 _cfsecg
041 _aara
082 _a519.5
100 _aابو عمة، عبد الرحمن بن محمد سليمان
_eمؤلف
245 0 _aالاحصاء التطبيقي /
_c عبد الرحمن بن محمد سليمان ابو عمة
250 _aطبعة 2
260 _aالرياض:
_bجامعة الملك سعود,
_c1995
300 _a441 صفحة؛
_bجداول
_c24 سم
504 _aثبت الرموز و المصطلحات ص.417 مراجع ص.419 جداول ص.421
520 _a تنظيم البيانات و عرضها و مقاييس النزعة المركزية (المتوسطات) و التطرق الى مقاييس التشتت و الارتباط و الانحدار و الأرقام القياسية و الاحصاءات الحيوية و مبادئ الاحتمالات و المتغيرات العشوائية و التوزيعات الاحتمالية ؛ و توزيع المعاينة و التقدير و اختبارات الفروض و إستخدام مربع كاي لحسن المطابقة و جدول التجانس و أخيرا الاختبارات غير المعملية و تحليل التباين.
653 _aالاحصاءالتطبيقي
700 _aعبد الله، أنور أحمد
_eمؤلف ثانوي
700 _aهندي، محمود محمد ابراهيم
_eمؤلف ثانوي
942 _cكتاب
999 _c42842
_d42842